| 000 | 00503nam a2200193Ia 4500 | ||
|---|---|---|---|
| 003 | GCL | ||
| 008 | 140319s9999 xx 000 0 eng d | ||
| 040 |
_aGCL / _cGCL |
||
| 082 | 0 | 4 |
_a895.635 _bA K |
| 100 | 1 | _aARIYOSHI, SAWAKO | |
| 245 | 1 | 0 |
_aKABUKI DANCER / _cARIYOSHI, SAWAKO |
| 700 | 1 | _aBRANDON, JAMES R | |
| 260 |
_a[S.N] : _bKADANSHA INTERNATIONAL ، _c1994 |
||
| 300 | _a348 P | ||
| 650 | 0 | 4 | _aOPERA - JAPAN |
| 650 | 0 | 4 | _aKABUKI |
| 650 | 0 | 4 | _aZUMO NO OKUNI, FI 160-1607-FIC |
| 942 |
_2ddc _cBK |
||
| 999 |
_c19305 _d19305 |
||